Indonesian Islands - Statistics

General Stats
  • This quiz has been taken 384 times
    361 since last reset
  • The average score is 6 of 10
Answer Stats
Area (km) Area (mi) Island % Correct
748,168 288,869 Borneo
96%
480,848 187,831 Sumatra
95%
138,794 53,589 Java
94%
180,681 69,761 Sulawesi
86%
785,753 303,381 New Guinea
75%
30,777 19,123 Timor
58%
14,154 5,464 Flores
46%
14,386 5,554 Sumbawa
34%
18,040 6,865 Halmahera
33%
17,454 6,621 Seram
27%
No matching quizzes found
Score Distribution
Percent of People with Each Score
Percentile by Number Answered
Your Score History
You have not taken this quiz since the last reset